Znalostná ekonomika - príležitosť a povinnosť

Definícia znalostnej ekonomiky. Nárast významu vzdelania, vzdelávania a využitia vedeckých poznatkov. Snaha o zvýšenie celkovej konkurencieschopnosti krajiny. Možnosti výučby logistiky na Obchodnej fakulte EU. Výučba logistiky (SCM, MH, technológie logistiky, aplikovaných logistík). Vzdelávanie v lo...

Ausführliche Beschreibung

Gespeichert in:
Bibliographische Detailangaben
1. Verfasser: Viestová, Kristína
Weitere Verfasser: Štofilová, Jana
Format: Buchkapitel
Sprache:Slowakisch
Schlagworte:
Tags: Tag hinzufügen
Keine Tags, Fügen Sie das erste Tag hinzu!

MARC

LEADER 00000naa$a2200000$$$4500
001 0048369
005 20240502071545.6
041 0 |a slo 
044 |a SK 
245 1 0 |a Znalostná ekonomika - príležitosť a povinnosť  |c Kristína Viestová, Jana Štofilová 
520 |a Definícia znalostnej ekonomiky. Nárast významu vzdelania, vzdelávania a využitia vedeckých poznatkov. Snaha o zvýšenie celkovej konkurencieschopnosti krajiny. Možnosti výučby logistiky na Obchodnej fakulte EU. Výučba logistiky (SCM, MH, technológie logistiky, aplikovaných logistík). Vzdelávanie v logistike na Slovensku. Logistika a pracovný trh. 
610 2 0 |a ekonomika vedomostná 
610 2 0 |a vzdelanie 
610 2 0 |a vzdelávanie 
610 2 0 |a logistika 
610 2 0 |a výučba vedecká 
610 2 0 |a trh práce 
610 2 0 |a konkurencieschopnosť 
100 1 |a Viestová, Kristína 
700 1 |a Štofilová, Jana